000 00763nam a22002291 4500
001 bimo0000873788
003 OSt
005 20140825213003.0
008 900725s2006 arg spa
020 _a950-02-0376-6
040 _aSpMaBN
_bspa
_cBMC
082 _a612
100 1 _923792
_aHoussay, Bernardo A.
_d1887-1971‏
245 1 0 _aFisiología humana
_cde Houssay ; [directores] Horacio E. Cingolani, Alberto B. Houssay ; [colaboradores, Jorge Mario Affani ... et al.]
250 _a7ª ed., 5ª reimp
260 _aBuenos Aires
_bEl Ateneo
_c2007
300 _aXVIII, 1126 p.
_bil.
_c28 cm
650 7 _aFisiología humana
_2embne
700 1 _aCingolani, Horacio E.
_923791
700 1 _aHoussay, Alberto B.
_924450
942 _2ddc
_cBK
_hahoj
999 _c13190
_d13190